Swimming Olympic Records - Statistics

General Stats
  • This quiz has been taken 489 times
  • The average score is 24 of 35
Answer Stats
Event Time (s) Nation Answer Games % Correct
Male 200 m Freestyle 1:42.96 USA Michael Phelps Beijing 2008
96%
Male 4×100 m Freestyle relay 3:08.24 USA Michael Phelps / Garrett Weber-Gale / Cullen Jones / Jason Lezak Beijing 2008
96%
Male 4×200 m Freestyle Relay 6:58.56 USA Michael Phelps / Ryan Lochte / Ricky Berens / Peter Vanderkaay Beijing 2008
96%
Male 200 m Breaststroke 2:05.85 FRA Léon Marchand Paris 2024
87%
Male 200 m Butterfly 1:51.21 FRA Léon Marchand Paris 2024
87%
Male 200 m Individual Medley 1:54.06 FRA Léon Marchand Paris 2024
87%
Male 400 m Individual Medley 4:02.95 FRA Léon Marchand Paris 2024
87%
Male 4×100 m Medley Relay 3:26.78 USA Ryan Murphy / Michael Andrew / Caeleb Dressel / Zach Apple Tokyo 2020
87%
Male 50 m Freestyle 21.07 USA Caeleb Dressel Tokyo 2020
86%
Male 100 m Butterfly 49.45 USA Caeleb Dressel Tokyo 2020
86%
Female 400 m Freestyle 3:56.46 USA Katie Ledecky Rio 2016
84%
Female 800 m Freestyle 8:04.79 USA Katie Ledecky Rio 2016
84%
Female 1500 m Freestyle 15:30.02 USA Katie Ledecky Paris 2024
84%
Male 100 m Breaststroke 57.13 GBR Adam Peaty Rio 2016
76%
Mixed 4×100 m Medley relay 3:37.43 USA Ryan Murphy / Nicolas Fink / Gretchen Walsh / Torri Huske Paris 2024
75%
Male 100 m Freestyle 46.40 CHN Pan Zhanle Paris 2024
71%
Female 4×100 m Medley Relay 3:49.63 USA Regan Smith / Lilly King / Gretchen Walsh / Torri Huske Paris 2024
67%
Female 200 m Breaststroke 2:03.03 CAN Summer McIntosh Paris 2024
65%
Female 200 m Individual Medley 2:06.56 CAN Summer McIntosh Paris 2024
65%
Male 100 m Backstroke 51.85 USA Ryan Murphy Rio 2016
62%
Female 50 m Freestyle 23.66 SWE Sarah Sjöström Paris 2024
60%
Female 100 m Butterfly 55.38 USA Gretchen Walsh Paris 2024
59%
Female 100 m Breaststroke 1:04.82 RSA Tatjana Schoenmaker Tokyo 2020
57%
Female 200 m Breaststroke 2:18.95 RSA Tatjana Schoenmaker Tokyo 2020
57%
Female 100 m Backstroke 57.28 USA Regan Smith Paris 2024
55%
Male 1500 m Freestyle 14:30.67 USA Robert Finke Paris 2024
55%
Female 4×200 m Freestyle Relay 7:38:08 AUS Mollie O'Callaghan / Lani Pallister / Brianna Throssell / Ariarne Titmus Paris 2024
54%
Female 4×100 m Freestyle relay 3:28.92 AUS Mollie O'Callaghan / Shayna Jack / Emma McKeon / Meg Harris Paris 2024
54%
Male 400 m Freestyle 3:40.14 CHN Sun Yang London 2012
54%
Male 800 m Freestyle 7:38.19 IRL Daniel Wiffen Paris 2024
52%
Female 100 m Freestyle 51.96 AUS Emma McKeon Tokyo 2020
48%
Female 200 m Backstroke 2:03.73 AUS Kaylee McKeown Paris 2024
45%
Female 200 m Freestyle 1:53.27 AUS Mollie O'Callaghan Paris 2024
45%
Female 400 m Individual Medley 4:26.36 HUN Katinka Hosszú Rio 2016
37%
Male 200 m Backstroke 1:53.27 RUS Evgeny Rylov Tokyo 2020
29%
No matching quizzes found
Score Distribution
Percent of People with Each Score
Percentile by Number Answered
Your Score History
You have not taken this quiz